| 000 | 03966nam a22004337a 4500 | ||
|---|---|---|---|
| 005 | 20091008111640.0 | ||
| 008 | 090225t xxu||||| |||| 00| 0 eng d | ||
| 010 | _aB-346687-702 | ||
| 020 |
_a9780143102588 _c350.00 |
||
| 035 | _aB-346687-702 | ||
| 037 | _bAakar Books | ||
| 040 |
_adpl _bEnglish |
||
| 082 | _a954 | ||
| 100 |
_aDé, Shobha _d1948- |
||
| 245 |
_aSuperstar India: _cby Shobhaa De _bfrom incredible to unstoppable / |
||
| 260 |
_aNew Delhi _bPenguin Books _c2008 |
||
| 270 |
_a11 Community Centre, Panchsheel Park _bNew Delhi _e110017 |
||
| 300 |
_axii, 456p. _c20cm. (pbk) |
||
| 500 | _aIncludes glossary | ||
| 651 |
_aIndia _xhistory _y21st century. |
||
| 942 |
_2ddc _cEN _mSHO _h954 |
||
| 999 |
_c24378 _d24378 |
||